书目信息 |
| 题名: |
三国演义
|
|
| 作者: | 罗贯中 著 ;李卓吾 批评 | |
| 分册: | ||
| 出版信息: | 长春 吉林文史出版社 2003.03 |
|
| 页数: | 605页 | |
| 开本: | 20cm | |
| 丛书名: | 四大古典小说批评本 | |
| 单 册: | ||
| 中图分类: | I242.43 | |
| 科图分类: | ||
| 主题词: | 讲史小说--jiang shi xiao shuo--中国--明代 , 长篇小说--chang pian xiao shuo--中国--明代 , 章回小说--zhang hui xiao shuo--中国--明代 | |
| 电子资源: | ||
| ISBN: | 7-80626-792-1 | |
| 000 | 01043nam 2200289 450 | |
| 001 | 012008319904 | |
| 005 | 20080509102309.63 | |
| 010 | @a7-80626-792-1@b精装@dCNY22.00 | |
| 100 | @a20080509d2003 em y0chiy0120 ea | |
| 101 | 0 | @achi |
| 102 | @aCN@b220000 | |
| 105 | @ay z 000ay | |
| 106 | @ar | |
| 200 | 1 | @a三国演义@Asan guo yan yi@f(明) 罗贯中著@F(ming)luo guan zhong zhu@g李卓吾批评@Gli zhuo wu pi ping |
| 210 | @a长春@c吉林文史出版社@d2003.03 | |
| 215 | @a605页@d20cm | |
| 225 | 2 | @a四大古典小说批评本@Asi da gu dian xiao shuo pi ping ben |
| 330 | @a本书是著名学者李卓吾评说的《三国演义》,不仅有较高的学术价值,而且具有珍贵的版本价值。 | |
| 410 | 0 | @12001 @a四大古典小说批评本 |
| 606 | 0 | @a讲史小说@Ajiang shi xiao shuo@y中国@z明代 |
| 606 | 0 | @a长篇小说@Achang pian xiao shuo@y中国@z明代 |
| 606 | 0 | @a章回小说@Azhang hui xiao shuo@y中国@z明代 |
| 690 | @aI242.43@v4 | |
| 701 | 0 | @a罗贯中@Aluo guan zhong@4著 |
| 702 | 0 | @a李卓吾@Ali zhuo wu@4批评 |
| 801 | 0 | @aCN@bQSSK@c20080509 |
| 905 | @b708712-14@dI242.43@eL939@f3 | |
| 三国演义/(明) 罗贯中著/李卓吾批评.-长春:吉林文史出版社,2003.03 |
| 605页;20cm.-(四大古典小说批评本) |
| ISBN 7-80626-792-1(精装):CNY22.00 |
| 本书是著名学者李卓吾评说的《三国演义》,不仅有较高的学术价值,而且具有珍贵的版本价值。 |
| ● |
| 相关链接 |
|
|
|
正题名:三国演义
索取号:I242.43/L939
 
预约/预借
| 序号 | 登录号 | 条形码 | 馆藏地/架位号 | 状态 | 备注 |
| 1 | 708712 | 207087123 | 社科二线422/422社科库 23排1列3层/ [索取号:I242.43/L939] | 在馆 | |
| 2 | 708713 | 207087132 | 社科二线422/422社科库 18排1列2层/ [索取号:I242.43/L939] | 在馆 | |
| 3 | 708714 | 207087141 | 文学库108/ [索取号:I242.43/L939] | 在馆 |